FDA(フジドリームエアラインズ)就航空港 - Statistics

General Stats
  • This quiz has been taken 117 times
  • The average score is 15 of 16
Answer Stats
Answer % Correct
福岡
96%
新潟
95%
静岡
95%
青森
94%
名古屋
94%
熊本
94%
鹿児島
93%
花巻
91%
松本
91%
新千歳
90%
神戸
90%
高知
90%
札幌
88%
山形
88%
出雲
84%
中部
80%
No matching quizzes found
Score Distribution
Percent of People with Each Score
Percentile by Number Answered
Your Score History
You have not taken this quiz